[Event "Campeonato Nacional de Ajedrez Femenino 2015  "]
[Site "FDA, Santo Domingo"]
[Date "2015.03.15"]
[Round "8"]
[Board "8"]
[White "Quiroz Farias, Yelibeth"]
[Black "Coronado Paulino, Katerine E."]
[Result "0-1"]
[WhiteElo "1755"]
[BlackElo "1651"]
[PlyCount "84"]
[EventDate "2015.03.06"]
[EventRounds "8"]
[EventCountry "DOM"]

1. e4 e5 2. Nf3 Nc6 3. Bc4 Bc5 4. Nc3 d6 5. d3 h6 6. a3 Bg4 7. h3 Bh5 8. O-O
Nd4 9. g4 Nxf3+ 10. Qxf3 Bg6 11. Ne2 Qf6 12. Qxf6 Nxf6 13. Kg2 c6 14. f4 exf4
15. Nxf4 Bd4 16. c3 Bc5 17. Nxg6 fxg6 18. d4 Bb6 19. e5 dxe5 20. dxe5 Nd5 21.
Bxd5 cxd5 22. Bf4 Rf8 23. Rae1 g5 24. Bg3 Rxf1 25. Rxf1 Ke7 26. h4 gxh4 27.
Bxh4+ Ke6 28. Bg3 d4 29. c4 Rc8 30. b3 Rd8 31. b4 d3 32. Rd1 Bc7 33. Kf3 d2 34.
Bf4 Bxe5 35. Rxd2 Rf8 36. c5 Rxf4+ 37. Ke3 Rxg4 38. Kd3 Rd4+ 39. Ke3 Rxd2 40.
Kxd2 Bb2 41. a4 g5 42. b5 Kd5 0-1

[Event "Campeonato Nacional de Ajedrez Femenino 2015  "]
[Site "FDA, Santo Domingo"]
[Date "2015.03.15"]
[Round "8"]
[Board "9"]
[White "Clark Muller, Gema Mabel"]
[Black "Estevez, Vianyelis Stephanie"]
[Result "1-0"]
[WhiteElo "1607"]
[BlackElo "1536"]
[PlyCount "97"]
[EventDate "2015.03.06"]
[EventRounds "8"]
[EventCountry "DOM"]

1. e4 c6 2. d4 d5 3. e5 e6 4. Bd3 c5 5. Nf3 Nc6 6. Be2 Qb6 7. c3 cxd4 8. cxd4
Bd7 9. O-O g6 10. Nbd2 Nxd4 11. Nxd4 Qxd4 12. Nf3 Qxd1 13. Rxd1 Bg7 14. Be3 Ne7
15. Bd4 Nc6 16. Bc3 O-O 17. Rac1 Rad8 18. Rc2 Bc8 19. Bb5 a6 20. Bxc6 bxc6 21.
Ba5 Bb7 22. Bxd8 Rxd8 23. b3 f6 24. Nd4 Re8 25. exf6 Bxf6 26. Nxc6 Rc8 27. Nb4
Rxc2 28. Nxc2 e5 29. f3 Kf7 30. Kf2 a5 31. Ne3 Ke6 32. g3 d4 33. Nc4 a4 34.
bxa4 Bd5 35. Nb6 Bxa2 36. Rc1 Kd6 37. a5 Bd8 38. Ke2 Be6 39. h4 h5 40. Kd3 Bf5+
41. Kd2 Be6 42. f4 e4 43. Ke2 Bg4+ 44. Kd2 Bc7 45. Nc4+ Kd5 46. a6 e3+ 47. Ke1
Ke4 48. a7 Kd3 49. Nb2+ 1-0